|
|
|
|
| LEADER |
00000nab#a22000007a#4500 |
| 001 |
arbauad004991 |
| 003 |
AR-BaUAD |
| 005 |
20250711110656.0 |
| 008 |
940707|||||||||###||||||b###|0###a|spa|| |
| 040 |
|
|
|a AR-BaUAD
|c AR-BaUAD
|b spa
|
| 100 |
|
|
|a Gutman, Margarita
|
| 245 |
|
|
|a Casa de Ricardo Rojas o la construcción de un paradigma /
|c Margarita Gutman;
|
| 300 |
0 |
|
|b fot., il., plantas
|
| 500 |
|
|
|a proyecto/Angel Guido.
|
| 653 |
|
|
|a PATRIMONIO ARQUITECTONICO
|
| 653 |
|
|
|a HISTORIA
|
| 653 |
|
|
|a ARQUITECTURA
|
| 653 |
|
|
|a ARGENTINA
|
| 653 |
|
|
|a TEORIA
|
| 653 |
|
|
|a CASA DE RICARDO ROJAS
|
| 653 |
|
|
|a GUIDO, ANGEL
|
| 773 |
0 |
|
|t DANA
|g no. 21 [set. 1986], p. 47-60
|
| 942 |
|
|
|c ARTI
|
| 952 |
|
|
|0 0
|1 0
|4 0
|7 0
|9 49911
|a AR-BAuAD
|b AR-BAuAD
|d 2025-07-11
|l 0
|p AAQA004991
|r 2025-07-11 11:06:56
|w 2025-07-11
|y ARTI
|
| 990 |
|
|
|a AQ198
|b TD
|
| 998 |
|
|
|a AAQ
|b BIBUN76
|
| 999 |
|
|
|c 29584
|d 29584
|